| 000 | 00965cam a22002531i 4500 | ||
|---|---|---|---|
| 003 | SA-RiAUC | ||
| 005 | 20250420145246.0 | ||
| 008 | 241123s1977 ua g 000 0 ara c | ||
| 040 |
_aSA-MaUQU _bara _cSA-RiAUC _erda |
||
| 082 | 0 | 4 |
_a212 _qSA-RiAUC |
| 090 |
_a212 _bج ي و |
||
| 100 | 1 |
_aالجيوشي، محمد إبراهيم _eمؤلف. |
|
| 245 | 1 | 2 |
_aالعلماء بين التزمت والتسامح / _cتأليف محمد إبراهيم الجيوشي. |
| 264 | 1 |
_a[مكان النشر غير محدد] : _b[الناشر غير محدد]، _c1977 |
|
| 264 | 3 |
_aالفجالة : _bمطبعة الحضارة الغربية |
|
| 300 |
_a80 صفحة ؛ _c24 سم |
||
| 336 |
_aنص _btxt _2rdacontent _3كتاب |
||
| 337 |
_aبدون وسيط _bn _2rdamedia |
||
| 338 |
_aمجلد _bnc _2rdacarrier |
||
| 650 | 7 |
_aالتسامح الديني _2aucsh |
|
| 650 | 4 |
_b _v _x _y _z |
|
| 942 |
_2ddc _cBOOK _n0 |
||
| 949 |
_aSA-JeALM _d241123 _umohamedma123 _n1 |
||
| 999 |
_c7231 _d7231 |
||